拼音相同的中国城市 - Statistics

General Stats
  • This quiz has been taken 21 times
  • The average score is 13 of 38
Answer Stats
% Correct
江苏省 苏州市
81%
安徽省 宿州市
81%
福建省 福州市
71%
江西省 抚州市
71%
江西省 吉安市
71%
吉林省 集安市
67%
江苏省 泰州市
62%
浙江省 台州市
62%
广西壮族自治区 玉林市
62%
陕西省 榆林市
62%
黑龙江省 伊春市
52%
江西省 宜春市
52%
河北省 晋州市
33%
辽宁省 锦州市
33%
贵州省 铜仁市
33%
青海省 同仁市
33%
辽宁省 凤城市
24%
江西省 丰城市
24%
江西省 龙南市
24%
甘肃省 陇南市
24%
江西省 萍乡市
24%
广西壮族自治区 凭祥市
24%
安徽省 无为市
24%
甘肃省 武威市
24%
吉林省 榆树市
24%
青海省 玉树市
24%
河南省 舞钢市
19%
湖南省 武冈市
19%
广东省 鹤山市
14%
广西壮族自治区 合山市
14%
江苏省 新沂市
14%
广东省 信宜市
14%
山东省 滨州市
10%
陕西省 彬州市
10%
辽宁省 开原市
10%
云南省 开远市
10%
广东省 陆丰市
5%
云南省 禄丰市
5%
No matching quizzes found
Score Distribution
Percent of People with Each Score
Percentile by Number Answered
Your Score History
You have not taken this quiz